000 00803cab a2200241 4500
001 WB3011-48
008 090401t1994 xxu||||| |||| 00| 0 eng d
035 _a(Sirsi) u4845
041 _aeng
245 _aFarmers get 28% for set-aside
260 _c1994
350 _a0
490 _aDaily Telegraph
_v15 March 1994, 10
490 _aMAFF News Release
_v14 March 1994 (4)
520 _aPayments farmers will receive for setting aside land from food production this year are to rise to £128 per acre, compared to £100 in 1993, and will be accompanied by a simplified application procedure.
650 _aFARMLAND
650 _aIACS FORMS
650 _aINTEGRATED ADMINISTRATION AND CONTROL SYSTEM
650 _aSET-ASIDE
690 _aRURAL PRACTICE
942 _n0
948 _c04/03/1997
999 _c2930
_d2930